Statistiken für Ewige Tabelle 2. Fußball-Bundesliga

Klicken Sie hier um das Quiz zu spielen!

Allgemein

  • Dieses Quiz wurde 5.122 mal gespielt
    (2.924 seit der letzten Aktualisierung)
  • Das Durchschnittsergebnis liegt bei 56 aus 128

Antwortstatistiken

Antwort% Korrekt
Hamburger SV
95%
1. FC Kaiserslautern
89%
FC Schalke 04
87%
FC St. Pauli
87%
SpVgg Greuther Fürth
87%
1. FC Nürnberg
85%
Hertha BSC
85%
Holstein Kiel
82%
Dynamo Dresden
81%
Hansa Rostock
80%
1. FC Union Berlin
79%
Eintracht Braunschweig
79%
Fortuna Düsseldorf
79%
TSV 1860 München
79%
Werder Bremen
79%
1. FC Heidenheim
78%
Borussia Dortmund
78%
SV Darmstadt 98
78%
Karlsruher SC
75%
Arminia Bielefeld
74%
Hannover 96
73%
VfL Bochum
73%
1. FSV Mainz 05
72%
RB Leipzig
72%
VfL Osnabrück
72%
FC Augsburg
71%
1. FC Saarbrücken
70%
SC Paderborn 07
70%
Alemannia Aachen
69%
VfB Stuttgart
68%
VfL Wolfsburg
68%
1. FC Magdeburg
67%
Bayer 04 Leverkusen
67%
Borussia Mönchengladbach
66%
FC Bayern Hof
66%
SV Wehen Wiesbaden
66%
Eintracht Frankfurt
65%
MSV Duisburg
65%
1. FC Köln
64%
SSV Jahn Regensburg
63%
Stuttgarter Kickers
62%
TSG 1899 Hoffenheim
62%
Energie Cottbus
61%
SV Elversberg
61%
SC Freiburg
60%
Rot-Weiss Essen
59%
SSV Ulm 1846
58%
SV Sandhausen
58%
FSV Frankfurt
57%
Preußen Münster
57%
SC Fortuna Köln
54%
SpVgg Unterhaching
54%
FC Carl Zeiss Jena
52%
FC Rot-Weiß Erfurt
52%
Kickers Offenbach
52%
FC Erzgebirge Aue
51%
SV Waldhof Mannheim
51%
VfB Lübeck
49%
Rot-Weiß Oberhausen
48%
Hallescher FC
47%
KFC Uerdingen 05
46%
Chemnitzer FC
45%
FC Ingolstadt 04
44%
VfB Leipzig
44%
FC 08 Homburg
43%
KSV Hessen Kassel
41%
SC Viktoria Köln
41%
Tennis Borussia Berlin
41%
Wuppertaler SV
41%
TuS Koblenz
40%
VfB Oldenburg
40%
VfR Aalen
39%
SG Wattenscheid 09
38%
FSV Zwickau
37%
Würzburger Kickers
37%
Eintracht Trier
35%
SV Meppen
32%
Borussia Neunkirchen
31%
SpVgg Bayreuth
31%
Blau-Weiß 90 Berlin
30%
Rot Weiss Ahlen
30%
Freiburger FC
23%
Schwarz-Weiss Essen
22%
SG Union Solingen
22%
Sportfreunde Siegen
22%
SSV Reutlingen 05
21%
SV Babelsberg 03
21%
Wacker Burghausen
21%
1. FC Schweinfurt 05
20%
1. SC Göttingen 05
20%
Bonner SC
20%
Westfalia Herne
20%
Wormatia Worms
20%
Viktoria Aschaffenburg
18%
FC Remscheid
17%
SV Arminia Hannover
16%
FK Pirmasens
15%
OSC Bremerhaven
15%
VfR Mannheim
15%
FC Gütersloh
14%
TSV Havelse
14%
VfR Heilbronn
14%
1. FC Bocholt
13%
BSV Stahl Brandenburg
13%
MTV Ingolstadt
12%
1. FC Mülheim
11%
FC Hanau 93
11%
Rot-Weiß Lüdenscheid
11%
TSR Olympia Wilhelmshaven
11%
FSV Salmrohr
10%
Spandauer SV
10%
SV Röchling Völklingen
10%
DSC Wanne-Eickel
9%
ESV Ingolstadt-Ringsee
9%
FV Würzburg 04
9%
KSV Baunatal
9%
SC Herford
9%
SpVgg Erkenschwick
9%
VfR Bürstadt
9%
BSV 07 Schwenningen
8%
DJK Gütersloh
8%
HSV Barmbek-Uhlenhorst
8%
OSV Hannover
8%
SC Charlottenburg
8%
TuS Schloß Neuhaus
8%
Eintracht Bad Kreuznach
7%
Wacker 04 Berlin
7%
VfB Eppingen
6%

Verteilung der Resultate

Perzentil nach korrekt beantworteten Fragen

Anzahl Personen mit jedem Resultat

Ihre Resultats-Entwicklung

Sie haben dieses Quiz seit der letzten Aktualisierung nicht gespielt